| 000 | 00745nam a22002297a 4500 | ||
|---|---|---|---|
| 005 | 20140319104103.0 | ||
| 010 | _aENG-109540 | ||
| 020 |
_c625.00 _a9789351344759 |
||
| 020 |
_c625.00 _a9351344754 |
||
| 035 | _aEN-93073 | ||
| 037 | _bDBAD/PUB | ||
| 082 | _a658.872028553 | ||
| 100 | _aBingham, Richard | ||
| 245 | 0 | 0 |
_aOracle E-Business Suite 12 tuning tips & techniques / _cby Richard Bingham |
| 260 |
_aNew Delhi _bMcGraw Hill Education _c2014 |
||
| 270 |
_aP-24, Green Park Extn. _bNew Delhi _e110016 |
||
| 300 |
_axx,408p. : _c24cm(pbk) _bill. |
||
| 500 | _aIncludes index | ||
| 650 |
_aElectronic commerce _xComputer programs. |
||
| 650 | _aManagement information systems. | ||
| 942 |
_2ddc _cEN _mBIN _h658.872028553 |
||
| 999 |
_c82980 _d82980 |
||